El Petróleo en Veracruz / (Record no. 74378)
[ view plain ]
| 000 -LEADER | |
|---|---|
| fixed length control field | 005890c a2200193 4500 |
| 005 - DATE AND TIME OF LATEST TRANSACTION | |
| control field | 20170925133025.0 |
| 008 - FIXED-LENGTH DATA ELEMENTS--GENERAL INFORMATION | |
| fixed length control field | a t19881988mx a spa |
| 020 ## - INTERNATIONAL STANDARD BOOK NUMBER | |
| International Standard Book Number | 9686164332 |
| 050 ## - LIBRARY OF CONGRESS CALL NUMBER | |
| Classification number | HD9574.M4 |
| Item number | P48 1988 |
| 245 ## - TITLE STATEMENT | |
| Title | El Petróleo en Veracruz / |
| Statement of responsibility, etc | Javier Santos Llorente...[et al.] |
| 250 ## - EDITION STATEMENT | |
| Edition statement | Edición conmemorativa |
| 260 ## - PUBLICATION, DISTRIBUTION, ETC. (IMPRINT) | |
| Place of publication, distribution, etc | México : |
| Name of publisher, distributor, etc | Petróleos Mexicanos, |
| Date of publication, distribution, etc | 1988 |
| 300 ## - PHYSICAL DESCRIPTION | |
| Extent | 226 p. : |
| Other physical details | il. ; |
| Dimensions | 23 cm. |
| 504 ## - BIBLIOGRAPHY, ETC. NOTE | |
| Bibliography, etc | Incluye índice |
| 650 ## - SUBJECT ADDED ENTRY--TOPICAL TERM | |
| Topical term or geographic name as entry element | Petróleo |
| Geographic subdivision | México |
| -- | Veracruz |
| 650 ## - SUBJECT ADDED ENTRY--TOPICAL TERM | |
| Topical term or geographic name as entry element | Petróleo |
| General subdivision | Veracruz |
| 700 ## - ADDED ENTRY--PERSONAL NAME | |
| Personal name | Santos Llorente, Javier, coaut. |
| 942 ## - ADDED ENTRY ELEMENTS (KOHA) | |
| Source of classification or shelving scheme | Biblioteca del Cogreso de los Estados Unidos |
| Koha item type | Libro |
| Estado de pérdida | Fuente de clasificación | Estado del daño | No para préstamo | Ubicación permanente | Ubicación actual | Apartado o colección | Fecha de adquisición | Edición | Enumeración de Serie / Cronológica | Dependencia de educación superior (DES) | Área del conocimiento | Clasificación | Código de Barras | Date last seen | Número de copia | Tipo de recurso | Nota pública |
|---|---|---|---|---|---|---|---|---|---|---|---|---|---|---|---|---|---|
| Biblioteca del Cogreso de los Estados Unidos | Consulta | Biblioteca de la Facultad de Ingeniería Química | Biblioteca de la Facultad de Ingeniería Química | General | 07/10/2014 | 1a ed. | BIQO000000091 | Ingeniería y Arquitectura | Educación y Humanidades | HD9574.M4 P48 1988 | BIQO000000091 | 18/10/2017 | C:1 | Libro | Solo lectura |